<?xml version="1.0" encoding="UTF-8"?>
<record
    xmlns:xsi="http://www.w3.org/2001/XMLSchema-instance"
    xsi:schemaLocation="http://www.loc.gov/MARC21/slim http://www.loc.gov/standards/marcxml/schema/MARC21slim.xsd"
    xmlns="http://www.loc.gov/MARC21/slim">

  <leader>04155nam a2200481 a 4500</leader>
  <controlfield tag="001">dia_6230</controlfield>
  <controlfield tag="003">CHAP</controlfield>
  <controlfield tag="005">20240807113104.0</controlfield>
  <controlfield tag="007">ta</controlfield>
  <controlfield tag="008">220601s2016    mx ad  frm    001 0 spa d</controlfield>
  <datafield tag="040" ind1=" " ind2=" ">
    <subfield code="a">mxchpua</subfield>
    <subfield code="c">CHAP</subfield>
  </datafield>
  <datafield tag="041" ind1="0" ind2=" ">
    <subfield code="a">spa</subfield>
    <subfield code="b">eng</subfield>
  </datafield>
  <datafield tag="090" ind1=" " ind2=" ">
    <subfield code="a">Tesis</subfield>
    <subfield code="b">C47</subfield>
    <subfield code="c">2016</subfield>
  </datafield>
  <datafield tag="100" ind1="1" ind2=" ">
    <subfield code="a">Cervantes Peinado, Gabriela</subfield>
  </datafield>
  <datafield tag="240" ind1="1" ind2="0">
    <subfield code="a">Nutraceutical and nutritional propierties of four capulin segregants (Prunus serotina), fresh and processed.</subfield>
    <subfield code="l">Espa&#xF1;ol</subfield>
  </datafield>
  <datafield tag="245" ind1="1" ind2="0">
    <subfield code="a">Utilizaci&#xF3;n de la homogenizaci&#xF3;n por alta presi&#xF3;n para conservar las caracter&#xED;sticas t&#xED;picas del queso panela / </subfield>
    <subfield code="c">Gabriela Cervantes Peinado y Alejandra Ofelia Ramos Cruz</subfield>
  </datafield>
  <datafield tag="264" ind1=" " ind2=" ">
    <subfield code="a">Chapingo, M&#xE9;xico : </subfield>
    <subfield code="b">El autor,</subfield>
    <subfield code="c">2016</subfield>
  </datafield>
  <datafield tag="300" ind1=" " ind2=" ">
    <subfield code="a">60 hojas :</subfield>
    <subfield code="b">ilustraciones. tablas, gr&#xE1;ficas, diagramas +</subfield>
    <subfield code="e">1 CD-ROM</subfield>
  </datafield>
  <datafield tag="336" ind1=" " ind2=" ">
    <subfield code="2">rdacontent</subfield>
    <subfield code="a">texto</subfield>
    <subfield code="b">txt</subfield>
  </datafield>
  <datafield tag="337" ind1=" " ind2=" ">
    <subfield code="2">rdamedia</subfield>
    <subfield code="a">no mediado</subfield>
    <subfield code="b">n</subfield>
  </datafield>
  <datafield tag="338" ind1=" " ind2=" ">
    <subfield code="2">rdacarrier</subfield>
    <subfield code="a">volumen</subfield>
    <subfield code="b">nc</subfield>
  </datafield>
  <datafield tag="502" ind1=" " ind2=" ">
    <subfield code="a">Tesis </subfield>
    <subfield code="b">(Ingeniero Agroindustrial) --</subfield>
    <subfield code="c">UACh. Departamento de Ingenier&#xED;a Agroindustrial,,</subfield>
    <subfield code="d">2016</subfield>
  </datafield>
  <datafield tag="504" ind1=" " ind2=" ">
    <subfield code="a">Bibliograf&#xED;a: hojas 43-47</subfield>
  </datafield>
  <datafield tag="520" ind1="3" ind2=" ">
    <subfield code="a">En el presente trabajo se aplic&#xF3; el m&#xE9;todo de homogenizaci&#xF3;n por alta presi&#xF3;n (HAP) como alternativa a la pasteurizaci&#xF3;n convencional para la elaboraci&#xF3;n de queso panela, conservando as&#xED; las caracter&#xED;sticas de la leche para obtener el sabor original y tradicional de este producto. Se analiz&#xF3; la efectividad del m&#xE9;todo de homogenizaci&#xF3;n por alta presi&#xF3;n (HAP) para reducir la carga microbiana pat&#xF3;gena de la leche como lo es m&#xE9;sofilos totales, Salmonella spp, E. Coli y Staphylococcus sp., para garantizar que sea un producto inocuo apto para el consumo humano. Los datos obtenidos de las pruebas microbiol&#xF3;gicas se analizaron en el paquete estad&#xED;stico SAS. Se realiz&#xF3; adem&#xE1;s una evaluaci&#xF3;n sensorial utilizando la prueba de diferenciaci&#xF3;n simple, para determinar si existen diferencias en el sabor de un queso panela elaborado con leche cruda y un queso elaborado con leche tratada con el m&#xE9;todo de homogenizaci&#xF3;n por alta presi&#xF3;n (HAP) con la finalidad de conservar el sabor original de un queso genuino que se elabora con leche que no se trata t&#xE9;rmicamente. Adem&#xE1;s de una prueba de preferencia por pares para conocer cu&#xE1;l de los dos quesos prefer&#xED;a el consumidor </subfield>
  </datafield>
  <datafield tag="520" ind1="3" ind2=" ">
    <subfield code="a">In the present work, the method of Homogenization with High Pressure (HHP) as an alternative to the convetional pasteurization for the making of panela cheese, maintining the caracteristics of milk to obtain the original and traditional flavor of this product. The method of Homogenization with High Pressure's effectiviteness was analyzed to reduce microbial species from the milk such as mesophilic bacteria, Salmonella spp, E. coli and Staphylococcus sp., to guarantee that this is product suitable for human consumption. The data obtained from the microbiological tests are performed in the SAS statistical package. A sensory evaluation was made using a test of simple diferenciacion to decide if there&#xB4;s any differences in the taste of the panela cheese made out of raw milk and that which has been made with milk treated with the method of homogenization with high pressure with the goal of keeping the original flavor of a genuine cheese that is made with milk that hasn't be heat threated. Besides a peer preference test to know which of the two cheeses preferred the consumer.</subfield>
  </datafield>
  <datafield tag="650" ind1="1" ind2="3">
    <subfield code="a">Quesos</subfield>
    <subfield code="2">atg</subfield>
  </datafield>
  <datafield tag="650" ind1="1" ind2="3">
    <subfield code="a">Homogeneizaci&#xF3;n  </subfield>
    <subfield code="2">atg</subfield>
  </datafield>
  <datafield tag="650" ind1="1" ind2="3">
    <subfield code="a">Preservaci&#xF3;n de alimentos</subfield>
    <subfield code="2">atg</subfield>
  </datafield>
  <datafield tag="650" ind1="1" ind2="3">
    <subfield code="a">Tratamiento a alta presi&#xF3;n  </subfield>
    <subfield code="2">atg</subfield>
  </datafield>
  <datafield tag="650" ind1="1" ind2="3">
    <subfield code="a">Cheeses  </subfield>
    <subfield code="2">atg</subfield>
  </datafield>
  <datafield tag="650" ind1="1" ind2="3">
    <subfield code="a">Homogenization  </subfield>
    <subfield code="2">atg</subfield>
  </datafield>
  <datafield tag="650" ind1="1" ind2="3">
    <subfield code="a">Food preservation  </subfield>
    <subfield code="2">atg</subfield>
  </datafield>
  <datafield tag="650" ind1="1" ind2="3">
    <subfield code="a">High pressure treatment</subfield>
    <subfield code="2">atg</subfield>
  </datafield>
  <datafield tag="700" ind1="1" ind2=" ">
    <subfield code="a">Ramos Cruz, Alejandra Ofelia</subfield>
    <subfield code="e">autor</subfield>
  </datafield>
  <datafield tag="700" ind1="1" ind2=" ">
    <subfield code="a">G&#xF3;mez Cruz, Adalberto</subfield>
    <subfield code="e">director</subfield>
  </datafield>
  <datafield tag="700" ind1="1" ind2=" ">
    <subfield code="a">Santos Moreno, Armando</subfield>
    <subfield code="e">asesor</subfield>
  </datafield>
  <datafield tag="700" ind1="1" ind2=" ">
    <subfield code="a">P&#xE9;rez L&#xF3;pez, Artemio</subfield>
    <subfield code="e">asesor</subfield>
  </datafield>
  <datafield tag="856" ind1="4" ind2="2">
    <subfield code="u">http://10.13.5.2/tesis/sist112548.pdf</subfield>
    <subfield code="y">DESCARGAR PDF</subfield>
  </datafield>
  <datafield tag="901" ind1=" " ind2=" ">
    <subfield code="a">TESIS C47 2016</subfield>
  </datafield>
  <datafield tag="902" ind1=" " ind2=" ">
    <subfield code="a">M</subfield>
  </datafield>
  <datafield tag="905" ind1=" " ind2=" ">
    <subfield code="a">5232272016                          mx nml 2223123322spa26</subfield>
  </datafield>
  <datafield tag="942" ind1=" " ind2=" ">
    <subfield code="c">TESIS</subfield>
    <subfield code="2">Clasificaci&#xF3;n Universidad Aut&#xF3;noma Chapingo</subfield>
  </datafield>
  <datafield tag="999" ind1=" " ind2=" ">
    <subfield code="c">209675</subfield>
    <subfield code="d">209675</subfield>
  </datafield>
  <datafield tag="952" ind1=" " ind2=" ">
    <subfield code="0">0</subfield>
    <subfield code="1">0</subfield>
    <subfield code="2">local</subfield>
    <subfield code="4">0</subfield>
    <subfield code="5">1</subfield>
    <subfield code="7">0</subfield>
    <subfield code="8">TESIS</subfield>
    <subfield code="a">IA_</subfield>
    <subfield code="b">IA_</subfield>
    <subfield code="d">2016-06-01</subfield>
    <subfield code="e">El autor</subfield>
    <subfield code="l">0</subfield>
    <subfield code="o">Tesis C47 2016</subfield>
    <subfield code="p">1101010319</subfield>
    <subfield code="r">2022-06-01 00:00:00</subfield>
    <subfield code="t">Ej.2</subfield>
    <subfield code="w">2016-06-01</subfield>
    <subfield code="y">CD</subfield>
  </datafield>
  <datafield tag="952" ind1=" " ind2=" ">
    <subfield code="0">0</subfield>
    <subfield code="1">0</subfield>
    <subfield code="2">local</subfield>
    <subfield code="4">0</subfield>
    <subfield code="5">1</subfield>
    <subfield code="7">0</subfield>
    <subfield code="8">TESIS</subfield>
    <subfield code="a">IA_</subfield>
    <subfield code="b">IA_</subfield>
    <subfield code="d">2016-06-01</subfield>
    <subfield code="e">El autor</subfield>
    <subfield code="l">0</subfield>
    <subfield code="o">Tesis C47 2016</subfield>
    <subfield code="p">1101010318</subfield>
    <subfield code="r">2026-02-02 00:00:00</subfield>
    <subfield code="t">Ej.1</subfield>
    <subfield code="w">2016-06-01</subfield>
    <subfield code="y">TESIS</subfield>
  </datafield>
  <datafield tag="952" ind1=" " ind2=" ">
    <subfield code="0">0</subfield>
    <subfield code="1">0</subfield>
    <subfield code="2">local</subfield>
    <subfield code="4">0</subfield>
    <subfield code="7">0</subfield>
    <subfield code="8">TesDigL</subfield>
    <subfield code="a">IA_</subfield>
    <subfield code="b">IA_</subfield>
    <subfield code="c">E_L</subfield>
    <subfield code="d">2016-06-01</subfield>
    <subfield code="e">El autor</subfield>
    <subfield code="l">0</subfield>
    <subfield code="p">1201010318</subfield>
    <subfield code="r">2024-08-07 12:43:28</subfield>
    <subfield code="w">2024-08-07</subfield>
    <subfield code="y">TD</subfield>
  </datafield>
</record>
